| 000 | 00348nam a2200145 a 4500 | ||
|---|---|---|---|
| 001 | 4654 | ||
| 003 | CDMR | ||
| 005 | 20130301092805.0 | ||
| 008 | 130130s1960||||||||||||||||||||||||||||d | ||
| 040 |
_aCDMR _bcat _cCDMR |
||
| 245 | 0 | 0 | _aGrand Larousse encyclopédique |
| 260 |
_aParis _c1960-1964 _bLibrairie Larousse |
||
| 300 | _a10 v. | ||
| 942 |
_cMON _2ddc |
||
| 999 |
_c4654 _d4654 |
||